Key concepts in strategic management / (Record no. 16462)
[ view plain ]
| 000 -LEADER | |
|---|---|
| fixed length control field | 00945cam a2200301 a 4500 |
| 001 - CONTROL NUMBER | |
| control field | 16462 |
| 003 - CONTROL NUMBER IDENTIFIER | |
| rucl marc code | UkOxU |
| 005 - DATE AND TIME OF LATEST TRANSACTION | |
| control field | 20211209000019.0 |
| 008 - FIXED-LENGTH DATA ELEMENTS--GENERAL INFORMATION | |
| fixed length control field | 140213s2004 enka bd 001 0 eng d |
| 020 ## - INTERNATIONAL STANDARD BOOK NUMBER | |
| International Standard Book Number | 1403921350 |
| 035 ## - SYSTEM CONTROL NUMBER | |
| System control number | 13436610 |
| -- | (BD-RjUL)16517 |
| System control number | (OCoLC)53950714 |
| 040 ## - CATALOGING SOURCE | |
| Original cataloging agency | DLC |
| Transcribing agency | DLC |
| Language of cataloging | eng |
| Modifying agency | BD-RjUL |
| 041 ## - LANGUAGE CODE | |
| Language code of text/sound track or separate title | eng |
| 082 00 - DEWEY DECIMAL CLASSIFICATION NUMBER | |
| Classification number | 658.401203 |
| Edition number | 22 |
| Author mark and year | SUK 2004 |
| 100 1# - MAIN ENTRY--PERSONAL NAME | |
| Personal name | Sutherland, Jonathan. |
| 9 (RLIN) | 50900 |
| 245 10 - TITLE STATEMENT | |
| Title | Key concepts in strategic management / |
| Statement of responsibility, etc. | Jonathan Sutherland and Diane Canwell. |
| 246 30 - VARYING FORM OF TITLE | |
| Title proper/short title | Strategic management |
| 260 ## - PUBLICATION, DISTRIBUTION, ETC. (IMPRINT) | |
| Place of publication, distribution, etc. | Basingstoke : |
| Name of publisher, distributor, etc. | Palgrave Macmillan, |
| Date of publication, distribution, etc. | 2004. |
| 300 ## - PHYSICAL DESCRIPTION | |
| Pagination | ix, 294 p. : |
| Illustrations | ill. ; |
| Size | 22 cm. |
| 504 ## - BIBLIOGRAPHY, ETC. NOTE | |
| Bibliography, etc | Includes bibliographical references and index. |
| 650 #0 - SUBJECT ADDED ENTRY--TOPICAL TERM | |
| Topical term or geographic name as entry element | Strategic planning |
| Form subdivision | Dictionaries. |
| 9 (RLIN) | 50901 |
| 700 1# - ADDED ENTRY--PERSONAL NAME | |
| Personal name | Canwell, Diane. |
| 830 #0 - SERIES ADDED ENTRY--UNIFORM TITLE | |
| Uniform title | Palgrave key concepts |
| 942 ## - ADDED ENTRY ELEMENTS (KOHA) | |
| Source of classification or shelving scheme | Dewey Decimal Classification |
| Koha item type | Books |
| Lost status | Source of classification or shelving scheme | Damaged status | Not for loan | Collection code | Permanent Location | Current Location | Shelving location | Date acquired | Source of acquisition | Cost, normal purchase price | Total Checkouts | Full call number | Date last seen | Date checked out | Copy number | Koha item type |
|---|---|---|---|---|---|---|---|---|---|---|---|---|---|---|---|---|
| Dewey Decimal Classification | Non-fiction | Central Library, University of Rajshahi | Central Library, University of Rajshahi | 29/05/2008 | Paragon Ent., Dhaka | 12.99 | 2 | 658.401203 SUK 2004 | 13/05/2019 | 06/05/2019 | C-2 | Books | ||||
| Dewey Decimal Classification | Not For Loan | Non-fiction | Central Library, University of Rajshahi | Central Library, University of Rajshahi | Reading Room | 29/05/2008 | Dhaka, Paragon Enterprises Ltd. | 12.99 | 658.401203 SUK 2004 | 30/01/2017 | C-1 | Books |